00959nam a2200169 i 450000100060000000300090000600700030001500800410001808000250005924500900008426000460017430000410022050001500026150503150041165000390072685200240076586310ES-MaACLt|041223s1999 sp ||||1| spa d a940.2"15/17"(084.42)00aAtlas histórico multimedia b: . Vol. 4, La Edad Moderna [hRecurso electrónico]. a[Madrid?] : bMediasat España, c[1999] a1 disco compacto (CD-ROM) ; c12 cm. aRequisitos del sistema: Pentium, 32 Mb de RAM, Windows 3.1/Windows 95, Lector de CD-ROM 4x, Gráficos 800x600-65.000 colores, Tarjeta de sonido.8 aContiene: El Emperador Carlos V - Reforma y Contrarreforma - Los turcos atacan Europa - La Edad del Absolutismo - Japón en la Edad Moderna - La formación de los Estados Unidos y de América Latina - El siglo XVIII en Europa - La Revolución Francesa y el Imperio de Napoleón - Australia y Nueva Zelanda14aHistoria moderna-xAtlas- vCD-ROM aES-MaACLjROT 1/4/4